|
|
|
|
| LEADER |
00000caa a2200000 c 4500 |
| 001 |
1391511417 |
| 003 |
DE-627 |
| 005 |
20251015081045.0 |
| 007 |
tu |
| 008 |
100406s2009 xx ||||| 00| ||eng c |
| 035 |
|
|
|a (DE-627)1391511417
|
| 035 |
|
|
|a (DE-576)321511417
|
| 035 |
|
|
|a (DE-599)BSZ321511417
|
| 040 |
|
|
|a DE-627
|b ger
|c DE-627
|e rakwb
|
| 041 |
|
|
|a eng
|
| 100 |
1 |
|
|a Nagin, Daniel
|d 1948-
|e VerfasserIn
|0 (DE-588)138505543
|0 (DE-627)603780695
|0 (DE-576)308775597
|4 aut
|
| 109 |
|
|
|a Nagin, Daniel 1948-
|a Nagin, Daniel S. 1948-
|
| 245 |
1 |
0 |
|a Imprisonment and reoffending
|c Daniel S. Nagin; Francis T. Cullen, and Cheryl Lero Jonson
|
| 264 |
|
1 |
|c 2009
|
| 336 |
|
|
|a Text
|b txt
|2 rdacontent
|
| 337 |
|
|
|a ohne Hilfsmittel zu benutzen
|b n
|2 rdamedia
|
| 338 |
|
|
|a Band
|b nc
|2 rdacarrier
|
| 700 |
1 |
|
|a Cullen, Francis T.
|d 1951-
|e VerfasserIn
|0 (DE-588)138300895
|0 (DE-627)601108035
|0 (DE-576)164356282
|4 aut
|
| 700 |
1 |
|
|a Jonson, Cheryl Lero
|e VerfasserIn
|0 (DE-588)1107798027
|0 (DE-627)863626106
|0 (DE-576)321508556
|4 aut
|
| 773 |
0 |
8 |
|i In
|t Crime and justice
|d Chicago, Ill. [u.a.] : Univ. of Chicago Press, 1979
|g 38(2009), Seite 115-200
|w (DE-627)130441775
|w (DE-600)704347-8
|w (DE-576)015955133
|x 0192-3234
|7 nnas
|
| 773 |
1 |
8 |
|g volume:38
|g year:2009
|g pages:115-200
|
| 951 |
|
|
|a AR
|
| ELC |
|
|
|b 1
|
| LOK |
|
|
|0 000 xxxxxcx a22 zn 4500
|
| LOK |
|
|
|0 001 2631344820
|
| LOK |
|
|
|0 003 DE-627
|
| LOK |
|
|
|0 004 1391511417
|
| LOK |
|
|
|0 005 20251015081045
|
| LOK |
|
|
|0 008 100406||||||||||||||||ger|||||||
|
| LOK |
|
|
|0 040
|a DE-21-110
|c DE-627
|d DE-21-110
|
| LOK |
|
|
|0 689
|a s
|a Inhaftierung
|
| LOK |
|
|
|0 689
|a s
|a Haftfolgen
|
| LOK |
|
|
|0 689
|a s
|a Rückfälligkeit
|
| LOK |
|
|
|0 852
|a DE-21-110
|
| LOK |
|
|
|0 852 1
|m p
|9 00
|
| LOK |
|
|
|0 935
|a tre1
|
| LOK |
|
|
|0 938
|k p
|
| LOK |
|
|
|0 939
|a 06-04-10
|b l01
|
| ORI |
|
|
|a SA-MARC-krimdoka001.raw
|